00485pab a2200169 454500008004000000100001900040245007500059260000900134300001400143362001200157650002200169650002600191650001800217700002200235700001900257773003900276180718b2004 xxu||||| |||| 00| 0 eng d aDubey, Amaresh aWorkforce participation of women in rural India: the role of education c2004 ap.749-60. aOct-Dec aEducation - India aWomen workers - India aWomen workers aThomas, Eugene D. aPala, Veronica aIndian Journal of Labour Economics